000 00503cam a2200193ua 4500
020 _a8173192906
_c295.00
041 _aeng
_h
082 _a551.48
_bPAT/HY
100 _aPatra, K.C .
245 _aHydrology and water resources engineering /
_cK.C.Patra.
_hTextual Documents
260 _aNew Delhi :
_bNarosa Publishing House ,
_c2002.
300 _a562 ; .
365 _a295.00
500 _a20878- scheme
504 _a
942 _cBK
999 _c12172
_d12172